000 01591nam a2200241Ia 4500
003 Ost
005 20260507074858.0
008 260507s9999||||xx |||||||||||||| ||und||
020 _a9957022369
040 _cfsecg
041 _aara
082 _a330.121
100 _aابو حمد، رضا صاحب
_eمؤلف
245 0 _aالخطوط الكبرى في الإقتصاد الإسلامي /
_c رضا صاحب ابو حمد
260 _aعمان:
_bدار مجدلاوي,
_c2006
300 _a331 صفحة؛
_bإيضاحات ؛
_c25 سم
504 _aبيبليوغرافيا: ص.311
520 _aيضم الاقتصاد الاسلامي بين المشكلة الاقتصادية والخصائص والمبادئ، الملكية ونظمها والانتاج ونظريته والنشاطات الاقتصادية الزراعة والصناعة والتجارة وتطورها، السوق في الفكر الاقتصادي الاسلامي، طرق الكسب المشروعة في الاسلام، الربا مفهومة وأنواعه وأثاره، الفقر واثاره في الفرد والمجتمع في الاسلام، سبل معالجة الفقر في الاسلام، النقود الدراهم والدنانير الاسلامية، بيت المال وايرادات الدولة الاسلامية، النفقات العامة في الدولة الاسلامية، المصارف الاسلامية
653 _aالاقتصاد الاسلامي
653 _aالايرادات والنفقات
653 _aالبنوك
942 _cكتاب
999 _c41632
_d41632